El hombre como pensador : (Registro nro. 7357)
[ vista simple ]
| 000 -LIDER | |
|---|---|
| fixed length control field | 00654nam a2200217 a 4500 |
| 001 - NÚMERO DE CONTROL | |
| Identificador de número de control | 000038251 |
| 003 - IDENTIFICACDOR DE NÚMERO DE CONTROL | |
| control field | DO-SdBNP |
| 005 - DATE AND TIME OF LATEST TRANSACTION | |
| control field | 20180323144220.0 |
| 007 - CAMPOS FIJOS DE DESCRIPCIÓN FÍSICA | |
| fixed length control field | 000038251 |
| 008 - ELEMENTOS DE LONGITUD FIJA | |
| fixed length control field | 130405s2006 dr 000 0 spa d |
| 040 ## - FUENTE DE CATALOGACIÓN | |
| Agencia que crea de manera original el registro | BPMET |
| Idioma de catalogación | spa |
| Agencia que realiza la transcripción | BPMET |
| 100 1# - ASIENTO PRINCIPAL -- NOMBRE PERSONAL | |
| Nombre personal | Mateo Andrés, S. J. |
| 245 13 - MENCIÓN DE TITULO | |
| Título | El hombre como pensador : |
| Subtítulo | breve introducción a la filosofía / |
| Mención de responsabilidad | S. J. Mateo Andrés. |
| 260 ## - PUBLICACIÓN, DISTRIBUCIÓN, ETC. (PIE DE IMPRENTA) | |
| Lugar de publicación, distribución, etc | Santo Domingo : |
| Nombre del editor, distribuidor, etc. | Amigo del Hogar |
| Fecha de publicación, distribución, etc | 2009 |
| 300 ## - DESCRIPCIÓN FÍSICA | |
| Extensión | 152 P. ; |
| Dimensiones | |23 cm. |
| 490 1# - MENCIÓN DE SERIES | |
| Mención de serie | pensamiento y vida |
| 830 #0 - ASIENTO SECUNDARIO DE SERIE--TÍTULO UNIFORME | |
| Título uniforme | Pensamiento y vida |
| 942 ## - ADDED ENTRY ELEMENTS (KOHA) | |
| Source of classification or shelving scheme | Dewey Decimal Classification |
| Koha item type | Libros |
| 945 ## - INFORMACIÓN DE PROCESAMIENTO LOCAL | |
| Información de procesamiento local | Remanejado para BNPH / 2017 VM |
| 956 ## - LOCAL ELECTRONIC LOCATION AND ACCESS (OCLC) | |
| Nombre de host | VMATEO |
| Número de acceso | 10 |
| Información de compresión | 20150908 |
| Inicio de sesión | BPMSU |
| Procesador de solicitud | 0069 |
| Withdrawn status | Lost status | Source of classification or shelving scheme | Damaged status | Not for loan | Home library | Current library | Date acquired | Total Checkouts | Barcode | Date last seen | Price effective from | Koha item type | Copy number |
|---|---|---|---|---|---|---|---|---|---|---|---|---|---|
| Dewey Decimal Classification | Biblioteca Pública Metropolitana Salomé Ureña | Biblioteca Pública Metropolitana Salomé Ureña | 02/05/2015 | BPMSU15041123 | 02/05/2015 | 02/05/2015 | Libros | ||||||
| Dewey Decimal Classification | Biblioteca Pública Metropolitana Salomé Ureña | Biblioteca Pública Metropolitana Salomé Ureña | 02/05/2015 | BPMSU15041124 | 02/05/2015 | 02/05/2015 | Libros | e. 2 | |||||
| Dewey Decimal Classification | Biblioteca Pública Metropolitana Salomé Ureña | Biblioteca Pública Metropolitana Salomé Ureña | 02/05/2015 | BPMSU15041125 | 02/05/2015 | 02/05/2015 | Libros | e. 3 |